Victim /

Enregistré dans:
Détails bibliographiques
Autres auteurs: Bogarde, Dirk, Stock, Nigel, Price, Dennis, (1915-1973), McEnery, Peter, Syms, Sylvia, (1934-2023), Dearden, Basil
Format: Diapositive
Langue:italien
Publié: Milano : Shendene & Moizzi, c1998
Collection:Rank classic collection ; 5
Tags: Ajouter un tag
Pas de tags, Soyez le premier à ajouter un tag!

MARC

LEADER 00000ngm a22000007i 4500
001 IT\ICCU\LO1\0773915
003 ItRI
005 20260124182910.0
008 030903s1998 it |||||||||||||||k|||||c
040 |b ita 
041 7 |a ita  |2 ISO-639-2 
130 0 |a Victim <film ; 1961>  |3 IT\ICCU\MOD\0856791 
245 0 0 |a Victim /  |c regia: Basil Dearden. 
260 |a Milano :  |b Shendene & Moizzi,  |c c1998 
300 |a 1 videocassetta (VHS) (ca. 98 min.) :  |b b/n, son 
500 |a Tit. del contenitore 
500 |a Ripr. del film del 1961, prod. Gran Bretagna; interpreti: Dirk Bogarde, Dennis Price, Sylvia Syms, Nigel Stock, Peter McEnery. 
700 1 |a Bogarde, Dirk  |0 IT\ICCU\LO1V\131252 
700 1 |a Stock, Nigel  |0 IT\ICCU\MILV\098690 
700 1 |a Price, Dennis,  |d  (1915-1973)  |0 IT\ICCU\MODV\291092 
700 1 |a McEnery, Peter  |0 IT\ICCU\MODV\291093 
700 1 |a Syms, Sylvia,  |d  (1934-2023)  |0 IT\ICCU\RAVV\299258 
700 1 |a Dearden, Basil  |0 IT\ICCU\UBOV\491328 
790 1 |a Bogaerde, Derek Niven : van den  |3 IT\ICCU\UBOV\315375  |z Bogarde, Dirk 
830 0 |a Rank classic collection ;  |v 5  |0 IT\ICCU\UBO\1259945 
942 |2 ddc  |c VM  |n 0 
952 |0 0  |1 0  |4 0  |6 VO_594_000000000000000  |7 0  |9 27757  |a BO  |b BO  |d 2026-01-24  |i 7174  |l 0  |o VO 594  |p BO7174  |r 2026-01-24 18:29:10  |w 2026-01-24  |x [Sebina 5] [1 videocassetta]  |y VM  |z 1 videocassetta 
999 |c 23528  |d 23528